Central Library OPAC University of Rajshahi

Recruit to revolution : (Record no. 28755)

MARC details
000 -LEADER
fixed length control field 00771cam a22002651 4500
001 - CONTROL NUMBER
control field 28755
003 - CONTROL NUMBER IDENTIFIER
rucl marc code BD-RjUL
005 - DATE AND TIME OF LATEST TRANSACTION
control field 20211209051326.0
008 - FIXED-LENGTH DATA ELEMENTS--GENERAL INFORMATION
fixed length control field 140331s1952 enk 001 0 eng
035 ## - SYSTEM CONTROL NUMBER
System control number (BD-RjUL)28837
System control number (OCoLC)9376921
040 ## - CATALOGING SOURCE
Original cataloging agency DLC
Transcribing agency ICarbS
Modifying agency Uk
-- DLC
-- BD-RjUL
Language of cataloging eng
041 ## - LANGUAGE CODE
Language code of text/sound track or separate title eng
082 ## - DEWEY DECIMAL CLASSIFICATION NUMBER
Classification number 991
Author mark and year COR 1952
100 1# - MAIN ENTRY--PERSONAL NAME
Personal name Coast, John.
9 (RLIN) 87965
245 10 - TITLE STATEMENT
Title Recruit to revolution :
Remainder of title adventure and politics in Indonesia /
Statement of responsibility, etc. John Coast.
260 ## - PUBLICATION, DISTRIBUTION, ETC. (IMPRINT)
Place of publication, distribution, etc. London :
Name of publisher, distributor, etc. Christophers,
Date of publication, distribution, etc. 1952.
300 ## - PHYSICAL DESCRIPTION
Pagination 308 p. :
Illustrations illus. ;
Size 23 cm.
504 ## - BIBLIOGRAPHY, ETC. NOTE
Bibliography, etc Includes Index.
650 #0 - SUBJECT ADDED ENTRY--TOPICAL TERM
Topical term or geographic name as entry element World War, 1939-1945
Geographic subdivision Indonesia.
9 (RLIN) 87966
651 #0 - SUBJECT ADDED ENTRY--GEOGRAPHIC NAME
Geographic name Indonesia
General subdivision History.
9 (RLIN) 87967
942 ## - ADDED ENTRY ELEMENTS (KOHA)
Source of classification or shelving scheme Dewey Decimal Classification
Koha item type Books
Holdings
Lost status Source of classification or shelving scheme Damaged status Not for loan Collection code Permanent Location Current Location Shelving location Date acquired Source of acquisition Cost, normal purchase price Total Checkouts Full call number Date last seen Copy number Koha item type
  Dewey Decimal Classification   Added to bundle Non-fiction Central Library, University of Rajshahi Central Library, University of Rajshahi Reading Room 08/01/1958 Pak american commerical 13.80   991 COR 1952 31/03/2014 C-1 Books